000 00409nam a2200169Ia 4500
999 _c45851
_d45851
003 0100
005 20170530081109.0
008 130303s9999 xx 000 0 und d
040 _cARRUPELIB
050 _aDT434.U25A6 1961
100 _aApter, David Ernest
_931538
245 4 _aThe political kingdom in Uganda
260 _bPrinceton University Press
_aPrinceton
_c1961
300 _a498 p.
300 _b 25 cm.
650 _aUganda
_xPolitics
_930674
650 _aBuganda
_xPolitics
_931066
942 _2lcc
_cMONOGRAPH